Phương pháp và kỹ năng quản lý nhân sự
Cuốn sách đưa ra các kiến thức, phương pháp và kỹ năng quản lý nhân sự tiên tiến phù hợp với điều kiện và có tính ứng dụng cao đối với thực tiễn quản lý ở các doanh nghiệp Việt Nam
Guardat en:
| Autor corporatiu: | |
|---|---|
| Format: | Llibre |
| Idioma: | Undetermined |
| Publicat: |
Hà Nội
Lao động - Xã hội
2004
|
| Matèries: | |
| Etiquetes: |
Afegir etiqueta
Sense etiquetes, Sigues el primer a etiquetar aquest registre!
|
| Thư viện lưu trữ: | Trung tâm Học liệu Trường Đại học Cần Thơ |
|---|
| LEADER | 01065nam a2200217Ia 4500 | ||
|---|---|---|---|
| 001 | CTU_63063 | ||
| 008 | 210402s9999 xx 000 0 und d | ||
| 020 | |b 87000 | ||
| 020 | |c 87000 | ||
| 082 | |a 658.3 | ||
| 082 | |b V305 | ||
| 110 | |a Viện nghiên cứu và đào tạo về quản lý | ||
| 245 | 0 | |a Phương pháp và kỹ năng quản lý nhân sự | |
| 245 | 0 | |c Viện nghiên cứu và đào tạo về quản lý ; Biên soạn: Lê Anh Cường, Nguyễn Thị Lệ Huyền, Nguyễn Thị Mai | |
| 260 | |a Hà Nội | ||
| 260 | |b Lao động - Xã hội | ||
| 260 | |c 2004 | ||
| 520 | |a Cuốn sách đưa ra các kiến thức, phương pháp và kỹ năng quản lý nhân sự tiên tiến phù hợp với điều kiện và có tính ứng dụng cao đối với thực tiễn quản lý ở các doanh nghiệp Việt Nam | ||
| 650 | |a Personnel management | ||
| 904 | |i Giang | ||
| 980 | |a Trung tâm Học liệu Trường Đại học Cần Thơ | ||